000 00428nam a22001691a 4500
020 _a9788124007600
082 _aM301
_bSID/P
100 _aSidharthan Paruthikad
245 _aParuthikadinte kathakal/
_cby Sidharthan Paruthikad
260 _aMavelikkara:
_bPrathibha Books,
_c1999.
300 _a95p.
650 _aStories Malayalam
650 _aLiterature Malayalam
650 _aLiterature
942 _cBK
999 _c33686
_d33686